01661 2200265 4500001002100000005001500021035002000036005001500056035002000071245012100091100002500212300001800237260005100255082001100306084001700317020002200334650002300356650001800379650000800397650003900405650001600444520087800460008003901338990001801377INLIS00000000000022420251124011450 a0010-112500022420251124011409 a0010-11250002241 a5G AND BEYOND :bIntellectual Property and Competition Policy in the Internet of Things (IoT) /cJonathan M. Barnett1 aBarnett, Jonathan M. axxi, 263 hlm. aCambridge :bCambridge University Press,c2023 a004.65 a004.65 BAR l a978-100-927-428-9 aInternet of Things aIlmu Komputer aTIK aTeknologi Informasi dan Komunikasi aJaringan 5G a5G communications technologies will transform entire industries around the world and are already a core element of the mobile communications and automotive ecosystems. 5G and Beyond brings together some of the world's leading thinkers in law, economics, and competition policy, drawn from academia, government, and industry, to lay the intellectual foundation for sound innovation and competition policy in wireless-enabled environments. Contributors include former heads of the U.S. Patent & Trademark Office, Commissioners of the U.S. Federal Trade Commission and International Trade Commission, distinguished academics, and industry leaders. Chapters provide economically grounded and empirically informed analyses of the innovation policy issues involved in the development and adoption of 5G-enabled computing and communications technologies in the Internet of Things.251124 | | |  aKD00001/TP/25